[Event "FRA-chT Top 16 GpB"]
[Site "France"]
[Date "2007.02.11"]
[Round "3.2"]
[White "Fressinet, Laurent"]
[Black "Tiviakov, Sergei"]
[Result "1/2-1/2"]
[WhiteElo "2646"]
[BlackElo "2682"]
[Annotator "Tiviakov,S"]
[PlyCount "70"]
[EventDate "2007.02.09"]
[EventType "team"]
[EventRounds "11"]
[EventCountry "FRA"]
[SourceTitle "CBM 116 Extra"]
[Source "ChessBase"]
[SourceDate "2007.03.07"]
[SourceVersion "1"]
[SourceVersionDate "2007.03.07"]
[SourceQuality "1"]
[WhiteTeam "Clichy"]
[BlackTeam "Paris Chess 15"]
[WhiteTeamCountry "FRA"]
[BlackTeamCountry "FRA"]

1. e4 c5 2. Nf3 Nc6 3. Bb5 d6 4. O-O Bd7 5. Re1 Nf6 6. c3 a6 7. Bf1 Bg4 8. d4
cxd4 9. cxd4 d5 10. e5 Ng8 11. e6 Bxe6 (11... fxe6 $6 $146 12. Nbd2 Qd6 13. Nb3
$6 (13. h3 $142 Bf5 (13... Bxf3 14. Nxf3 $16) (13... Bh5 14. Qb3 $16) 14. Nb3
$16) 13... g6 $1 14. h3 (14. Nc5 Bxf3 15. Qxf3 Nxd4 16. Qc3 Bg7 $13) (14. Be3
Bh6 15. h3 Bxf3 16. Qxf3 Bxe3 17. Qxe3 Nf6 $11) 14... Bxf3 15. Qxf3 Bh6 16. Qg4
(16. Be3 {- 14.Be3}) 16... Nf6 (16... Bxc1 17. Rxe6 $5 $14) 17. Qxe6 Qxe6 18.
Rxe6 Bg7 $5 (18... Bxc1 $142 19. Rxc1 Kf7 $11) 19. Re2 Kf7 20. Be3 Rhc8 21. a3
$14 {1/2-1/2 Maze,S-Tiviakov,S/Chalons-en-Champagne 2007/CT-2289 (36) _|_ ^^})
12. Rxe6 $6 $146 (12. Qb3 Bc8 (12... Na5 13. Qa4+ Bd7 14. Qc2 e6 15. Nc3 Be7
16. Bd3 Nf6 17. Bg5 Rc8 18. Ne5 Nc6 19. Qb3 O-O 20. Bxf6 Bxf6 21. Re3 Nxd4 22.
Qxb7 Bxe5 23. Rxe5 Qc7 24. Qxc7 Rxc7 25. Bxa6 f6 26. Rh5 Rb8 27. Nd1 Ra7 28.
Bd3 g6 {0-1 Libiszewski,F-Lautier,J/Paris 2006/EXT 2007 (28)}) 13. Nc3 Nf6 14.
Bg5 Na5 15. Qa4+ Bd7 16. Qd1 Bg4 17. h3 Bxf3 18. Qxf3 e6 19. Bxf6 Qxf6 20. Qxd5
Bb4 21. Qe4 O-O $11 {1/2-1/2 Kornev,A-Kharlov,A/Russia 90/(164) 2004 (39)})
12... fxe6 13. Nc3 g6 $1 {(/\Bh6)} (13... Nf6 14. g3 g6 15. Bh3 $40 {(><e6)}
Bg7 16. Ng5 O-O 17. Nxe6 Qb6 18. Na4 Qa7 19. Nxf8 Rxf8 20. Be3 Kh8 21. Nc5 Nd8
22. Rc1 Qb6 23. Qb3 Qxb3 24. axb3 a5 25. Ne6 Nxe6 26. Bxe6 Rb8 27. Bf4 Rd8 28.
Rc7 Ne8 29. Rxe7 Bxd4 30. Bg5 Rb8 31. Bxd5 b6 32. Re2 Nf6 33. Bf3 Kg7 34. Rd2
Bc5 35. Bf4 Re8 36. Kg2 Re7 37. g4 Rd7 38. g5 {1-0 Vachier Lagrave,M-Wang Yue/
Lausanne 2006/CBM 115 (38)}) 14. g3 (14. Ng5 $5 Qd6 15. g3 Bg7 16. Bf4 e5 17.
dxe5 Bxe5 $15) (14. Qe2 Qd6 $15 {/\Bh6}) 14... Bh6 15. Bh3 (15. Na4 $5 {/\Nc5})
15... Qd6 (15... Bxc1 16. Rxc1 Qd6 $15) 16. Na4 (16. Qb3 Rb8 $15) 16... Bxc1
17. Qxc1 (17. Rxc1 Nf6 18. Nc5 Nd8 $15) 17... Nf6 18. Nc5 Nd8 19. Ne5 $5 (19.
Qe3 O-O 20. Nxe6 Nxe6 21. Bxe6+ Kg7 $15) (19. Qh6 b6 20. Nd3 Nf7 21. Qe3 $15)
19... O-O 20. Qe3 b6 21. Ncd3 Nh5 $6 {(/\Ng7-f5, ><e6)} (21... Rc8 $142 $15 {
<->c}) 22. Rc1 $132 {(<->c, ><c6)} Ng7 {(/\Nf5)} 23. g4 {(/\Bf1, h4-h5, |^>>)}
a5 (23... Ra7 24. Rc8 Rc7 25. Ra8 a5 $15) 24. Bf1 Nf7 (24... Ra7 25. Rc8 Rc7
26. Ra8 $15) 25. Nxf7 (25. Rc6 Qd8 26. Nxf7 Rxf7 27. Ne5 $15) 25... Rxf7 26.
Ne5 Raf8 27. Rc6 $2 (27. Nxf7 Rxf7 $15) 27... Qb4 $2 (27... Rxf2 28. Qxf2 (28.
Rxd6 Rxf1+ $19) 28... Rxf2 29. Rxd6 (29. Kxf2 Qd8 30. Ba6 Qf8+ 31. Ke2 Ne8 32.
Rc8 Kg7 $17 {/\Qf4, ><g4, d4, b2}) 29... Rxf1+ 30. Kxf1 exd6 31. Nd7 b5 32.
Nf6+ Kf7 (32... Kh8 $17) 33. Nxh7 e5 $17 {_|_}) 28. Nxf7 Kxf7 (28... Rxf7 29.
Rc8+ Rf8 30. Rxf8+ Kxf8 31. Qf4+ $11) 29. b3 $11 {(><b6, e6)} a4 (29... Kg8 $5)
30. bxa4 Qxa4 31. Rxb6 Qxa2 32. Qf4+ Kg8 33. Rb8 Rxb8 34. Qxb8+ Kf7 35. Qf4+
Kg8 1/2-1/2

[Event "EU-chT (Men) 13th"]
[Site "Leon"]
[Date "2001.11.15"]
[Round "9.3"]
[White "Sutovsky, Emil"]
[Black "Tiviakov, Sergei"]
[Result "0-1"]
[WhiteElo "2664"]
[BlackElo "2599"]
[Annotator "Tiviakov,S"]
[PlyCount "130"]
[EventDate "2001.11.06"]
[EventType "team-swiss"]
[EventRounds "9"]
[EventCountry "ESP"]
[SourceTitle "CBM 086"]
[Source "ChessBase"]
[SourceDate "2002.02.05"]
[SourceVersion "1"]
[SourceVersionDate "2002.02.05"]
[SourceQuality "1"]
[WhiteTeam "Israel"]
[BlackTeam "Netherlands"]
[WhiteTeamCountry "ISR"]
[BlackTeamCountry "NED"]

{[This game was played in the last round of the European team championship in
Leon. Unfortunately the round started at 9:00 o'clock in the morning with
almost no time to prepare for the game.]} 1. e4 c5 2. Nf3 Nc6 3. Bb5 d6 4. O-O
{[It was not very difficult to predict this line to appear on the board, since
Emil never goes to the main lines of the Maroczy or the Accelerated Dragon.
Another line, played by Emil, 4.d4 cd 5.Qd4 was tried against me by J.M.
Degraeve in the 5th round.]} Bd7 5. Re1 Nf6 6. c3 a6 7. Bf1 Bg4 8. h3 Bxf3 (
8... Bh5 {is an alternative to the text, probably, stronger than the text. But
my idea was to reach a very solid close position with White having no direct
attacking possibilities and then to wait for Emil overstepping the limit,
trying to create an attack. Everyone knows E. Sutovsky is a born attacking
player. But sometimes he goes too far, looking for the direct approach when
the positional play is necessary. The positions after 8...Bh5 9.d3 e6 10.Nbd2
Be7 11.g4 Bg6 12.Nh4 are very sharp, although I already played 1 game against
Emil with this line in 1998 on the Isle of Man.}) 9. Qxf3 g6 10. Qd1 (10. d3) (
10. Na3) ({and} 10. Rd1 {are the alternatives to the text.}) 10... Bh6 {
[Black tries to prevent White from playing d2-d4.]} 11. Na3 O-O 12. Nc2 ({After
} 12. d4 $2 Bxc1 13. Rxc1 cxd4 14. cxd4 d5 15. e5 Nh5 $5 $15 {followed by
Nf4-e6, Black is slightly better.}) 12... e5 (12... d5) (12... Rc8) ({and} 
12... e6 $5 {also deserve serious attention.}) 13. g3 $146 ({Actually this
move is new. After} 13. d4 Bxc1 14. Rxc1 cxd4 15. cxd4 {Black doesn't have
much to worry about.}) 13... b5 $2 ({Still sleepy, I make an over optimistic
move. I should have waited for White playing Bf1-g2 first and only afterwards
having had played b7-b5. After the text move White gets a strong initiative on
the queen's side. All the following move are stronger:} 13... Kg7) (13... Re8)
(13... Qc7) (13... Rb8) (13... Rc8) (13... Qe7) 14. d4 (14. a4 {immediately is
possible as well.}) 14... Bxc1 15. Rxc1 Kg7 $6 {[Another careless move, after
which Black starts experiencing problems.]} 16. d5 (16. a4 {immediately is
possible as well.}) 16... Ne7 {[There is no better place for the knight.]} 17.
a4 Qd7 18. Qe2 $1 ({The strong move missed by me, after which Black is not
able to defend the pawn b5. After the normal} 18. Ra1 Rab8 19. axb5 axb5 20.
Ra5 Rb7 {, followed by Rfb8, Ne8-c7, Black is OK.}) 18... Rab8 $6 (18... Rfb8 {
is answered by} 19. Ra1 {with advantage, but, probably, after all still it was
better than 19...Rab8, since now after} bxa4 {the a6 pawn is defended.}) (18...
bxa4 {deserves serious attention as well.}) 19. Na3 $1 bxa4 ({Black has to
spoil his pawn's structure and take on a4, since after} 19... b4 20. Nc4 {
he can't take the pawn on a4 because of Nc4:d6 (missed by me). White is
threatening to play a4-a5, fixing the weakness on a6, with large advantage.})
20. Nc4 Ne8 ({Having had made so many mistakes, nevertheless, I was quite
happy with the outcome of the opening. Black position is very solid, although
a bit passive. The weakness on a6 is compensated by the counter-play along the
"b" file. White bishop f1 has a potential to become "bad". Very accurate
positional play is required to convert the positional advantage into something
real here. And exactly the positional play is not the strongest part of my
opponent's play.} 20... Nh5 $5 {, followed by f7-f5, deserved serious
attention as well.}) 21. f4 $6 ({Frankly speaking, I would not even have
looked at this move, having had concentrated all efforts trying to win back
the pawn a4 by} 21. Ra1 {etc.}) 21... f6 22. Bg2 $2 {[Another move in the same
wrong direction.]} Nc8 23. Rf1 $2 {[Another one.]} Qb5 $1 $17 {[And suddenly
White is in trouble, since he is not able to prevent the exchange of the
queens by Nc8-b6.]} 24. Rf2 (24. fxe5 {is answered by} dxe5 $17 {, followed by
Nd6 with advantage for Black.}) 24... Nb6 25. Bf1 $6 (25. Nxb6 Qxe2 26. Rxe2
Rxb6 27. Ra1 {was better.}) 25... Qxc4 26. Qxc4 Nxc4 27. Bxc4 Nc7 {[In the
arisen ending Black has an extra pawn + the knight against the "bad" bishop.
But nevertheless it is still remains not very easy to convert the advantage
into a full point.]} 28. Ra1 Rfe8 $1 29. Re2 ({Or} 29. f5 gxf5 30. exf5 e4 {
with advantage}) 29... f5 $1 {[White position becomes torn apart.]} 30. Rxa4 ({
After} 30. Rae1 {Black has a choice between} exf4 {and 30...fxe4 with
advantage in both cases.}) 30... exf4 31. gxf4 (31. e5 {loses after} f3 $1 32.
Re3 Rxb2 33. e6 Rd2 $19) 31... Rxe4 32. Rxe4 fxe4 33. b4 ({Black must win after
} 33. Bxa6 Nxd5 34. Rxe4 Rxb2) ({and} 33. Ra2 Rf8 34. Bxa6 Nxd5) 33... cxb4 34.
cxb4 Rb6 {[With the time-control approaching, I was trying to play "safe".
Although there are other possible ways to exploit the advantage, such as 34...
Rf8 and 34...Kf6.]} 35. Kf2 Kf6 36. Ke2 Kf5 37. Ke3 h6 38. h4 h5 {[Initially I
thought this position to be easily won for Black, but now I see that Black
task is to be with much difficulties.]} 39. Bb3 $1 ({The only move.} 39. Ba2 {
loses after} Nb5 40. Ra5 ({or} 40. Bc4 Nc3 41. Ra3 (41. Rxa6 Rxa6 42. Bxa6
Nxd5+ 43. Kd4 Nxb4) 41... Nd1+ 42. Ke2 Rxb4 43. Bxa6 Rd4 {winning.}) 40... Nc3
41. Ra3 Nxa2 42. Rxa2 Rxb4 43. Rxa6 Rb3+ 44. Ke2 Rh3 45. Rxd6 Rxh4) 39... a5 ({
Immediately after the game, I thought this move to be a mistake, but now I
still don't see the better way. The point is that Black can't play} 39... Rb5
40. Bc4 Nxd5+ {because of} 41. Kd4) 40. Rxa5 Rxb4 41. Ba4 $1 {[I missed this
move, playing 39...a5. White is threatening with 42.Bd7.]} Rxa4 $5 ({Black
must win and after} 41... Kg4 42. Bd7+ Kxh4 {, but despite being 2 pawns down,
White still has drawing chances here.}) 42. Rxa4 Nxd5+ 43. Kd4 Nxf4 {[Extra
material - 3 pawns for the exchange - must be enough to win. But Black has
still technical difficulties to overcome. Unfortunately due to the problems
with the time (I have to prepare for the World Championship) I don't have time
to spend analysing this very interesting ending. You have to trust my
intuition!]} 44. Ra2 (44. Ra5+ {loses after} d5 {. For example,} 45. Ra7 (45.
Ra8 Ne6+ 46. Kxd5 $140 Nc7+) (45. Ra6 Ne6+) (45. Ra1 Kg4) 45... Kg4 46. Rf7 Ng2
) 44... Ne6+ 45. Kc4 $1 (45. Kd5 e3 46. Kxd6 Nf4) (45. Ke3 d5) 45... Ke5 46.
Ra5+ Kf4 ({Stronger than} 46... Nc5) 47. Ra1 $6 (47. Rd5 {was stronger, For
example,} e3 (47... Kf3 48. Rxd6 Nf4 49. Kc3 e3 50. Rf6) 48. Rxd6 Ke5 49. Rd5+
Ke4 50. Rd6 Nf4 51. Kc3 {and White is still in the game.}) 47... Nc5 $1 48.
Rf1+ (48. Rg1 e3 49. Kc3 Ne4+ 50. Kd3 Ng3) (48. Kd5 e3) 48... Ke5 49. Rf7 (49.
Rf8 Ne6 {and 50...d5}) 49... Ne6 50. Rd7 e3 51. Kc3 (51. Kd3 Nc5+) 51... d5 52.
Re7 Kd6 53. Re8 d4+ 54. Kd3 Kd5 $6 ({I could have won immediately after} 54...
Kd7 $1 55. Rb8 Nf4+ 56. Kxd4 (56. Kc2 d3+) 56... e2 57. Rb1 Ng2 58. Ke5 Ke7 $1
(58... e1=Q+ 59. Rxe1 Nxe1 60. Kf6 {is a draw.}) 59. Rb7+ Ke8 $1 {(missed by
me)} 60. Rb1 Kf7 61. Rb7+ Kg8) 55. Ke2 Ke5 56. Kf3 Kf6 57. Rh8 $6 (57. Ra8 {
was better, but still Black must win easily after} g5 58. hxg5+ Nxg5+) 57...
Ng7 $1 {[With the knight being transferred to f5, the pawn h4 falls.]} 58. Rd8
Nf5 59. Ke2 Ke5 60. Kd3 Kf4 61. Rf8 Kg3 62. Rf6 Nxh4 63. Ke2 g5 64. Rf1 Ng2 65.
Rg1 h4 {[This win over the European 2001 Individual Champion allowed me to
take 7 points out of 9 in the tournament. Having had played 6 games from 9
with the Black pieces, I had also gained 18 rating points.]  Groningen. 16:24
21/11/2001.} 0-1

[Event "Dortmund 46th"]
[Site "Dortmund"]
[Date "2018.07.21"]
[Round "6"]
[White "Duda, Jan Krzysztof"]
[Black "Nepomniachtchi, Ian"]
[Result "1/2-1/2"]
[WhiteElo "2737"]
[BlackElo "2757"]
[Annotator "Trent,L"]
[PlyCount "116"]
[EventDate "2018.07.14"]
[EventType "tourn"]
[EventRounds "7"]
[EventCountry "GER"]
[EventCategory "19"]
[SourceTitle "CBM 186"]
[Source "ChessBase"]
[SourceDate "2018.09.14"]
[SourceVersion "1"]
[SourceVersionDate "2018.09.14"]
[SourceQuality "1"]

1. e4 c5 2. Nf3 d6 3. Bb5+ Nd7 4. d4 cxd4 5. Qxd4 a6 6. Bxd7+ Bxd7 7. Nc3 e5 8.
Qd3 h6 9. Nd2 Rc8 10. Nc4 Be6 11. Ne3 Nf6 12. Bd2 Be7 13. a4 O-O 14. O-O Qd7
15. a5 Rfd8 16. Rfd1 Bf8 17. Be1 Rc6 18. Na4 Qe8 19. c4 Nd7 20. Qc2 Rb8 21. b3
Nc5 22. Nb6 Nd7 23. Nbd5 Qd8 24. Bc3 Qh4 25. f3 Qd8 26. g3 Ra8 27. Kh1 Qb8 28.
Ra2 Rc8 29. Rda1 Rc6 30. Nb4 Rc5 31. f4 f6 32. f5 Bf7 33. Ned5 Qe8 34. g4 Be7
35. Bd2 Bd8 36. Be3 Rcc8 37. Nc3 Rab8 38. Ba7 Ra8 39. Be3 Rab8 40. Nbd5 Kh7 41.
Kg2 Nc5 {We join game of the round after move 42 where it was the young Polish
phenom who had masterfully outplayed the tournament leader to get the
following wonderful position. White has every trump you could hope for in this
line of the Sicilian; a beautifully supported knight on d5, a clamp on the
queenside, a potential break on the kingside and Black has got close to no
active plan. Nepo quite understandbly took drastic measures} 42. h4 b5 {
probably forced, what else?} 43. axb6 Bxb6 44. Nxb6 $6 (44. g5 $1 {with the
bishop having departed d8, this is now an extremely strong move} Bxd5 45. g6+
$1 Kh8 46. Nxd5 $18 {and Black is unlikely to be able to cover the multiple
weaknesses in his position (a6, d6, f6&h6 potential sacrifices etc)}) 44...
Rxb6 45. Bxc5 dxc5 46. Rxa6 {Winning a pawn like this can hardly be
over-criticised, but it does give Black greater chances to counter compared to
the previous line.} Rcb8 47. Rxb6 Rxb6 48. Ra7 Rb8 49. Na4 $6 {a serious
innacuracy} (49. Qd1 $1 Rd8 50. Nd5 $16 {and White maintains control}) 49...
Rd8 $5 {Nepo spots a nice swindle attempt} 50. Nxc5 Rd4 51. Kf3 $2 (51. g5 $1 {
should still be good enough e.g.} fxg5 52. hxg5 hxg5 53. Qc1 {is completely
over}) 51... Qc6 $1 52. Na4 $4 {White completely loses control and misses a
nice shot} Bxc4 $1 {ouch} 53. bxc4 Rxc4 {now White can't simultaneously defend
e4 and a4 and the game simply peters out.} 54. Qb1 Rxa4 55. Rxa4 Qxa4 56. Qd3
Qa1 57. Kg2 Qc1 58. h5 Qf4 1/2-1/2